Сб. 1: Современные конструкции режущих инструментов; Труды конференции инструментальщиков Западной Сибири, Томск, 1960 г.г.

Detaylı Bibliyografya
Parent link:Труды конференции инструментальщиков Западной Сибири, Томск, 1960 г.г./ Всесоюзный научно-исследовательский инструментальный институт (ВНИИ) ; под ред. А. Я. Малкини. Сб. 1: Современные конструкции режущих инструментов.— , 1962-
Dil:Rusça
Baskı/Yayın Bilgisi: 1962
Konular:
Materyal Türü: Kitap
KOHA link:https://koha.lib.tpu.ru/cgi-bin/koha/opac-detail.pl?biblionumber=178819

MARC

LEADER 00000nam2a2200000 4500
001 178819
005 20231031170117.0
035 |a (RuTPU)RU\TPU\book\193836 
090 |a 178819 
100 |a 20100409d1962 k y0rusy50 ca 
101 0 |a rus 
102 |a RU 
105 |a a z 101zy 
200 0 |a Сб. 1: Современные конструкции режущих инструментов 
210 |d 1962 
215 |a 295 с.  |c ил. 
320 |a Библиогр. в конце докл. 
461 1 |0 (RuTPU)RU\TPU\book\193900  |t Труды конференции инструментальщиков Западной Сибири, Томск, 1960 г.г.  |f Всесоюзный научно-исследовательский инструментальный институт (ВНИИ) ; под ред. А. Я. Малкини  |v Сб. 1: Современные конструкции режущих инструментов  |d 1962- 
610 1 |a инструментальное производство 
610 1 |a Западная Сибирь 
610 1 |a инструментальщики 
610 1 |a конференции 
610 1 |a режущие инструменты 
610 1 |a прогрессивные технологии 
610 1 |a инструменты 
610 1 |a предприятия 
610 1 |a конструкции 
610 1 |a модернизация 
610 1 |a разработка 
610 1 |a инструментальные материалы 
610 1 |a передовой опыт 
801 1 |a RU  |b 63413507  |c 20100409 
801 2 |a RU  |b 63413507  |c 20201202  |g RCR 
942 |c BK